[Event "Hastings Masters 2022/23"]
[Site "Hastings"]
[Date "2023.01.02"]
[Round "6.38"]
[White "Nissinen, Niilo Man"]
[Black "Bryant, Harry"]
[Result "1-0"]
[WhiteElo "1996"]
[BlackElo "1510"]
[PlyCount "97"]
[EventDate "2022.12.28"]
[EventType "swiss"]
[EventRounds "10"]
[EventCountry "ENG"]

1. e4 c5 2. Nf3 e6 3. d4 cxd4 4. Nxd4 Nc6 5. Nc3 Qc7 6. g3 a6 7. Bg2 Nf6 8. O-O
Nxd4 9. Qxd4 Bc5 10. Qd3 Ng4 11. Bf4 d6 12. Na4 e5 13. Bd2 Be6 14. Nxc5 Qxc5
15. b3 O-O 16. c4 Kh8 17. h3 Nf6 18. Be3 Qc6 19. Rad1 Rad8 20. f4 Bd7 21. g4
Ne8 22. f5 f6 23. h4 b5 24. g5 bxc4 25. bxc4 Rc8 26. Rc1 Qa4 27. Qe2 Rf7 28. g6
Re7 29. gxh7 Kxh7 30. Rf3 Bc6 31. Rh3 Rcc7 32. h5 Bb7 33. Rh4 Qd7 34. Bf1 Bc6
35. Qh2 Kg8 36. Rd1 Ba4 37. Rd2 Qc6 38. Qg3 Qb7 39. c5 dxc5 40. Bc4+ Kf8 41. h6
Qb1+ 42. Kh2 Rcd7 43. h7 Rxd2+ 44. Bxd2 Rd7 45. h8=Q+ Ke7 46. Bd5 Bc6 47. Qg8
Bxd5 48. exd5 Qxa2 49. d6+ 1-0

[Event "Hastings Masters 2022/23"]
[Site "Hastings"]
[Date "2023.01.02"]
[Round "6.39"]
[White "Jukes, Sam"]
[Black "Westcott, Dale"]
[Result "1-0"]
[WhiteElo "1928"]
[BlackElo "1610"]
[PlyCount "57"]
[EventDate "2022.12.28"]
[EventType "swiss"]
[EventRounds "10"]
[EventCountry "ENG"]

1. e4 c6 2. d4 d5 3. Nc3 dxe4 4. Nxe4 Nf6 5. Nxf6+ exf6 6. c3 Bd6 7. Bd3 O-O 8.
Qc2 Re8+ 9. Be3 h6 10. O-O-O Nd7 11. Ne2 Nf8 12. Nf4 Qc7 13. Qd2 b5 14. Kb1 a5
15. d5 b4 16. c4 b3 17. a3 Ba6 18. h4 Nd7 19. Nh5 Re5 20. g4 cxd5 21. Bxh6 g6
22. Bf5 Be7 23. Bg7 g5 24. Bxd7 Qxd7 25. Bxf6 Re6 26. Qxg5+ Kf8 27. Qg7+ Ke8
28. Qg8+ Bf8 29. Ng7# 1-0

[Event "Hastings Masters 2022/23"]
[Site "Hastings"]
[Date "2023.01.02"]
[Round "6.40"]
[White "Dhanuka Aman"]
[Black "Shepley, Julien M"]
[Result "0-1"]
[WhiteElo "1194"]
[BlackElo "1848"]
[PlyCount "96"]
[EventDate "2022.12.28"]
[EventType "swiss"]
[EventRounds "10"]
[EventCountry "ENG"]

1. e4 d5 2. exd5 Qxd5 3. Nc3 Qa5 4. g3 Nf6 5. Bg2 c6 6. Nge2 Bf5 7. O-O e6 8.
d3 Be7 9. h3 h5 10. Bd2 Qd8 11. Ne4 Nbd7 12. Nxf6+ Nxf6 13. Nc3 Qd7 14. a3 Rd8
15. Ne4 Bxe4 16. dxe4 Qxd2 17. Qf3 Qxc2 18. Rab1 Qd3 19. Qf4 O-O 20. Rfd1 Qxd1+
21. Rxd1 Rxd1+ 22. Kh2 Rd4 23. Qe3 Rfd8 24. e5 Nh7 25. Qb3 R8d7 26. h4 Bc5 27.
Qc3 Bb6 28. Bf3 Rd3 29. Qc4 Rxf3 30. g4 Rdd3 31. Qxd3 Rxd3 32. gxh5 Rf3 33. Kg2
Rxf2+ 34. Kg3 Rf5 35. h6 g5 36. h5 a5 37. a4 Bd4 38. b4 Bxe5+ 39. Kg2 g4 40.
bxa5 Rf3 41. a6 bxa6 42. a5 Bg3 43. Kg1 Rf2 44. Kh1 Ng5 45. h7+ Kh8 46. h6 Kxh7
47. Kg1 Nf3+ 48. Kh1 Rh2# 0-1

[Event "Hastings Masters 2022/23"]
[Site "Hastings"]
[Date "2023.01.02"]
[Round "6.41"]
[White "Butt, Laurence"]
[Black "Kelly, Paul J"]
[Result "1-0"]
[WhiteElo "1740"]
[BlackElo "1842"]
[PlyCount "75"]
[EventDate "2022.12.28"]
[EventType "swiss"]
[EventRounds "10"]
[EventCountry "ENG"]

1. e4 Nc6 2. d4 d5 3. Nc3 Nf6 4. e5 Nd7 5. a3 e6 6. f4 Qh4+ 7. g3 Qd8 8. Nf3
Ne7 9. Be3 Nf5 10. Bf2 h5 11. Bd3 g6 12. Qd2 c5 13. Bxf5 gxf5 14. Ne2 Qb6 15.
c3 a5 16. O-O c4 17. Kg2 a4 18. h4 Be7 19. Kh3 Nf8 20. Nc1 Ng6 21. Na2 Bd7 22.
Nb4 O-O-O 23. Nc2 Kb8 24. Ne3 Rc8 25. Ng5 Be8 26. Rae1 Bxg5 27. fxg5 f4 28. Ng2
fxg3 29. Bxg3 Qc7 30. Rf6 Qd7 31. Ref1 Rc6 32. R1f2 Rb6 33. Qe2 Ne7 34. Nf4 Ng8
35. Nxh5 Nxf6 36. Nxf6 Rc6 37. h5 Rc7 38. Nxd7+ 1-0

[Event "Hastings Masters 2022/23"]
[Site "Hastings"]
[Date "2023.01.03"]
[Round "7.1"]
[White "Sulskis, Sarunas"]
[Black "Korpa, Bence"]
[Result "0-1"]
[WhiteElo "2492"]
[BlackElo "2516"]
[PlyCount "88"]
[EventDate "2022.12.28"]
[EventType "swiss"]
[EventRounds "10"]
[EventCountry "ENG"]

1. c4 Nf6 2. Nc3 g6 3. e4 d6 4. d4 Bg7 5. f3 O-O 6. Be3 c5 7. dxc5 dxc5 8. Qxd8
Rxd8 9. Bxc5 Nc6 10. Nge2 b6 11. Ba3 Ba6 12. Nb5 Rd7 13. Nec3 Rad8 14. Be2 Nh5
15. g3 Bb7 16. Nd5 e6 17. Ne3 a6 18. Nc3 f5 19. Rd1 Nd4 20. Kf2 f4 21. Ng2
fxg3+ 22. hxg3 Nxg3 23. Rhe1 Ngxe2 24. Nxe2 Nc2 25. Rxd7 Rxd7 26. Rc1 Nxa3 27.
bxa3 Bb2 28. Rh1 Bxa3 29. Ngf4 Bc5+ 30. Ke1 Be3 31. Nxe6 Rd2 32. Nc3 Rc2 33.
Nd1 Bd2+ 34. Ke2 Rxa2 35. Kd3 Bb4 36. Kd4 Rd2+ 37. Ke5 Rd7 38. Ng5 Bc8 39. f4
Bd6+ 40. Kf6 Be7+ 41. Ke5 Bd6+ 42. Kf6 Bxf4 43. e5 Bxg5+ 44. Kxg5 Kg7 0-1

[Event "Hastings Masters 2022/23"]
[Site "Hastings"]
[Date "2023.01.03"]
[Round "7.2"]
[White "Hebden, Mark L"]
[Black "Edouard, Romain"]
[Result "1/2-1/2"]
[WhiteElo "2448"]
[BlackElo "2537"]
[PlyCount "120"]
[EventDate "2022.12.28"]
[EventType "swiss"]
[EventRounds "10"]
[EventCountry "ENG"]

1. e4 e6 2. d4 d5 3. e5 c5 4. c3 Nc6 5. Nf3 Bd7 6. Be2 f6 7. O-O fxe5 8. Nxe5
Nxe5 9. dxe5 Qc7 10. Bf4 O-O-O 11. a4 Ne7 12. Na3 Ng6 13. Bg3 c4 14. Nb5 Bxb5
15. axb5 Bc5 16. b3 cxb3 17. Qxb3 h5 18. h4 Ne7 19. c4 Nf5 20. cxd5 Nxg3 21.
Qxg3 Rxd5 22. Rfc1 Kb8 23. Rc4 Qxe5 24. Qxe5+ Rxe5 25. Rd1 Rf8 26. Bf3 Kc7 27.
Rc2 g5 28. hxg5 Rxg5 29. Kh2 Re5 30. Rd4 Rf7 31. Rh4 Kb6 32. Rxh5 Rxh5+ 33.
Bxh5 Rh7 34. g4 Kxb5 35. Kg3 Kb4 36. Re2 e5 37. Kh4 Bd4 38. g5 a5 39. g6 Re7
40. f4 e4 41. Kg5 a4 42. f5 Bg7 43. Bg4 Re5 44. Rb2+ Kc3 45. Rxb7 Bf8 46. Rf7
Re8 47. f6 a3 48. Ra7 Kb2 49. g7 Bxg7 50. fxg7 a2 51. Bh5 Rb8 52. Kf4 a1=Q 53.
Rxa1 Kxa1 54. Bf7 Kb2 55. Kxe4 Kc3 56. Ke5 Rd8 57. Ke6 Kd4 58. Ke7 Ra8 59. Kd6
Rd8+ 60. Ke7 Ke5 1/2-1/2

[Event "Hastings Masters 2022/23"]
[Site "Hastings"]
[Date "2023.01.03"]
[Round "7.3"]
[White "Petrov, Martin"]
[Black "Davies, Nigel R"]
[Result "1-0"]
[WhiteElo "2535"]
[BlackElo "2398"]
[PlyCount "77"]
[EventDate "2022.12.28"]
[EventType "swiss"]
[EventRounds "10"]
[EventCountry "ENG"]

1. e4 c6 2. d4 d5 3. e5 Bf5 4. Nf3 e6 5. Be2 Nd7 6. O-O Bg6 7. Nbd2 Nh6 8. a4
a5 9. Nb3 Nf5 10. Bd2 Be7 11. g4 Nh4 12. Nxh4 Bxh4 13. f4 f5 14. exf6 Bxf6 15.
g5 Be7 16. Bd3 Bxd3 17. cxd3 Bb4 18. Bxb4 axb4 19. Qg4 O-O 20. Qxe6+ Kh8 21.
Qd6 Rf7 22. Rae1 Qf8 23. Qxf8+ Raxf8 24. Kg2 Kg8 25. Kg3 Nb6 26. a5 Nc8 27. h4
h5 28. Re6 Ne7 29. g6 Nf5+ 30. Kh3 Rf6 31. Rfe1 Rb8 32. Re8+ Rf8 33. Rxf8+ Kxf8
34. Re5 Ne7 35. Nc5 Ke8 36. f5 Ra8 37. Ne6 Rxa5 38. Nxg7+ Kd7 39. Nxh5 1-0

[Event "Hastings Masters 2022/23"]
[Site "Hastings"]
[Date "2023.01.03"]
[Round "7.4"]
[White "Chan, Kim Yew"]
[Black "Nagy, Gabor"]
[Result "1/2-1/2"]
[WhiteElo "2289"]
[BlackElo "2488"]
[PlyCount "65"]
[EventDate "2022.12.28"]
[EventType "swiss"]
[EventRounds "10"]
[EventCountry "ENG"]

1. Nf3 c5 2. c4 Nf6 3. Nc3 e6 4. g3 b6 5. Bg2 Bb7 6. O-O Be7 7. d4 cxd4 8. Qxd4
O-O 9. Bg5 h6 10. Bxf6 Bxf6 11. Qd3 Na6 12. Rfd1 Nc5 13. Qe3 Rc8 14. Rac1 Qe7
15. Nd4 Bxg2 16. Kxg2 Rfd8 17. b3 d6 18. Qf3 Qb7 19. Qxb7 Nxb7 20. Rc2 a6 21.
e3 Kf8 22. Rdc1 Nc5 23. Kf3 Rc7 24. Ke2 Rdc8 25. Nb1 g6 26. Nd2 Ke7 27. h4 h5
28. a4 Bg7 29. N4f3 Nb7 30. Ne1 Na5 31. Kd1 Nc6 32. Nd3 a5 33. Ne4 1/2-1/2

[Event "Hastings Masters 2022/23"]
[Site "Hastings"]
[Date "2023.01.03"]
[Round "7.5"]
[White "Walker, Martin G"]
[Black "Clarke, Brandon G I"]
[Result "1/2-1/2"]
[WhiteElo "2100"]
[BlackElo "2484"]
[PlyCount "235"]
[EventDate "2022.12.28"]
[EventType "swiss"]
[EventRounds "10"]
[EventCountry "ENG"]

1. e4 c5 2. Nf3 d6 3. Bb5+ Bd7 4. Bxd7+ Nxd7 5. O-O Ngf6 6. Re1 e6 7. c3 Be7 8.
d4 O-O 9. Nbd2 cxd4 10. cxd4 Qc7 11. b3 Rfc8 12. Ba3 Qa5 13. Bb2 d5 14. exd5
Nxd5 15. Nc4 Qa6 16. Nfe5 Rc7 17. Qf3 Bf6 18. a3 Rac8 19. Nd3 Be7 20. Nb4 Nxb4
21. axb4 Qc6 22. d5 Qxd5 23. Qxd5 exd5 24. Rxe7 dxc4 25. bxc4 b6 26. h3 f6 27.
b5 h6 28. Bc3 Nf8 29. Rxa7 Rxe7 30. Rxe7 Rxc4 31. Bd2 Rc5 32. Rb7 Rxb5 33. Be3
Rb1+ 34. Kh2 b5 35. Bc5 Ne6 36. Be3 Kf8 37. Kg3 Rb4 38. Kf3 f5 39. g3 Ke8 40.
Ke2 h5 41. h4 g6 42. Kd2 f4 43. Bxf4 Nxf4 44. gxf4 Rxf4 45. Rxb5 Rxh4 46. Ke2
Kf7 47. Kf1 Rg4 48. f3 Rf4 49. Kg2 h4 50. Ra5 Kf6 51. Rb5 Rf5 52. Rb4 Kg5 53.
Rg4+ Kh5 54. Ra4 Rg5+ 55. Kh2 Rf5 56. Kg2 Rf6 57. Rb4 g5 58. Ra4 Rb6 59. Ra8
Rb2+ 60. Kh3 Rf2 61. Rf8 Kg6 62. Kg4 Rg2+ 63. Kh3 Rd2 64. Kg4 Rg2+ 65. Kh3 Rg1
66. Kh2 Rd1 67. Kh3 Rd4 68. Kg2 Rd6 69. Kh3 Rf6 70. Rg8+ Kf5 71. Kg2 Kf4 72.
Ra8 Re6 73. Ra4+ Kf5 74. Kf2 Rb6 75. Ra5+ Kf6 76. Ra2 Rb4 77. Kg2 Kf5 78. Rc2
Kf4 79. Ra2 Rd4 80. Kf2 Rb4 81. Rc2 Rd4 82. Ra2 Ke5 83. Ra5+ Rd5 84. Ra2 Rc5
85. Re2+ Kd5 86. Rd2+ Kc4 87. Rd8 Rd5 88. Rg8 Rf5 89. Re8 Kd4 90. Re4+ Kd5 91.
Ra4 Ke5 92. Ra5+ Kf6 93. Ra6+ Kg7 94. Kg2 Rf6 95. Ra2 Kg6 96. Rb2 Re6 97. Ra2
Kf5 98. Kf2 Re5 99. Rb2 Ra5 100. Rc2 Ra4 101. Kg2 Kf4 102. Rb2 Rd4 103. Kf2 h3
104. Ra2 h2 105. Kg2 h1=Q+ 106. Kxh1 Kxf3 107. Ra3+ Kf4 108. Ra2 g4 109. Kg2
Kg5 110. Rb2 Kh4 111. Ra2 Rd3 112. Rb2 Rg3+ 113. Kh2 Rf3 114. Kg2 Rf4 115. Ra2
g3 116. Rb2 Rf2+ 117. Rxf2 gxf2 118. Kxf2 1/2-1/2

[Event "Hastings Masters 2022/23"]
[Site "Hastings"]
[Date "2023.01.03"]
[Round "7.6"]
[White "Cherniaev, Alexander"]
[Black "Korneev, Oleg"]
[Result "0-1"]
[WhiteElo "2374"]
[BlackElo "2481"]
[PlyCount "104"]
[EventDate "2022.12.28"]
[EventType "swiss"]
[EventRounds "10"]
[EventCountry "ENG"]

1. e4 e5 2. Nc3 Nc6 3. Bc4 Nf6 4. d3 Bc5 5. Bg5 h6 6. Bh4 d6 7. Na4 a6 8. Nxc5
dxc5 9. f3 Be6 10. Bb3 Qd6 11. Ne2 O-O-O 12. Nc3 Nd4 13. Bf2 g5 14. Ne2 Nc6 15.
Qc1 Nh5 16. g3 Ng7 17. Qe3 Bxb3 18. axb3 Ne6 19. Qd2 f6 20. Be3 h5 21. Rf1 h4
22. g4 Ncd4 23. Nc3 c6 24. Kf2 Kd7 25. Kg2 Ke7 26. Ne2 Kf7 27. Bxd4 cxd4 28.
Ra4 c5 29. Rd1 b5 30. Ra2 Rb8 31. Qa5 Rb6 32. c4 Rhb8 33. Qd2 bxc4 34. bxc4 Rb4
35. Qc1 a5 36. Rd2 a4 37. Qc2 Qc6 38. Kf2 R8b6 39. Qc1 Kg6 40. Qd1 Qb7 41. Rxa4
Rxb2 42. Ra2 R2b3 43. Ra5 R6b4 44. Qc1 Rb2 45. Ra2 Rb1 46. Qa3 Rh1 47. Qa8 Qxa8
48. Rxa8 Rbb1 49. Kg2 Nf4+ 50. Nxf4+ exf4 51. Rda2 Rbg1+ 52. Kf2 h3 0-1

[Event "Hastings Masters 2022/23"]
[Site "Hastings"]
[Date "2023.01.03"]
[Round "7.7"]
[White "Gormally, Daniel W"]
[Black "Ismail, Mohammed Aayan"]
[Result "1-0"]
[WhiteElo "2450"]
[BlackElo "1963"]
[PlyCount "77"]
[EventDate "2022.12.28"]
[EventType "swiss"]
[EventRounds "10"]
[EventCountry "ENG"]

1. e4 c6 2. d4 d5 3. e5 Bf5 4. h4 h5 5. c4 e6 6. Nc3 Nd7 7. cxd5 cxd5 8. Bd3
Bxd3 9. Qxd3 Ne7 10. Nf3 Ng6 11. Bg5 Be7 12. g3 a6 13. O-O Bxg5 14. Nxg5 Ne7
15. Rac1 g6 16. Ne2 O-O 17. Rc3 Rc8 18. Rfc1 Qb6 19. Rxc8 Nxc8 20. Qa3 a5 21.
Rxc8 Rxc8 22. Qe7 Nxe5 23. dxe5 Qc7 24. Qf6 Rf8 25. Nd4 Qd8 26. Qf4 Qb6 27. b3
Qb4 28. a4 Qc3 29. Kg2 Qd3 30. Kg1 Qb1+ 31. Kh2 Qb2 32. Kg2 Qb1 33. Qd2 Rc8 34.
Qxa5 Kg7 35. Ndxe6+ Kg8 36. Nd4 Qd3 37. Qxd5 Rf8 38. e6 Kg7 39. e7 1-0

[Event "Hastings Masters 2022/23"]
[Site "Hastings"]
[Date "2023.01.03"]
[Round "7.8"]
[White "Grieve, Harry"]
[Black "Murphy, Conor E"]
[Result "0-1"]
[WhiteElo "2438"]
[BlackElo "2422"]
[PlyCount "180"]
[EventDate "2022.12.28"]
[EventType "swiss"]
[EventRounds "10"]
[EventCountry "ENG"]

1. e4 e5 2. Nf3 Nf6 3. d4 Nxe4 4. Bd3 Nc6 5. O-O d5 6. Nxe5 Nxd4 7. c3 Ne6 8.
Bxe4 dxe4 9. Qa4+ c6 10. Qxe4 Be7 11. Nd2 O-O 12. Ndf3 f6 13. Nd3 Re8 14. Be3
Bd6 15. Qc4 Qe7 16. Rad1 Qf7 17. h3 Bf8 18. b3 Nc7 19. Qxf7+ Kxf7 20. c4 b6 21.
Rd2 Bb7 22. Rfd1 Be7 23. Nd4 g6 24. Bf4 Na6 25. Nc2 Rad8 26. Bg3 Bc8 27. Kf1
Bf5 28. Ne3 Be6 29. Ke2 Nb4 30. Bc7 Rc8 31. Bg3 Rcd8 32. Bc7 Rc8 33. Bg3 Nxd3
34. Rxd3 b5 35. Kf1 Bc5 36. Rc1 Ba3 37. Rcd1 Bc5 38. Rc1 g5 39. h4 h6 40. hxg5
hxg5 41. Bd6 Rcd8 42. Rcd1 Bxe3 43. Rxe3 bxc4 44. Rd4 cxb3 45. axb3 Bd5 46.
Rxe8 Kxe8 47. Bc5 a5 48. Ra4 Rb8 49. Rxa5 Rxb3 50. Ra7 Rb1+ 51. Ke2 Bxg2 52.
Re7+ Kd8 53. Rf7 Rb2+ 54. Ke1 Rb1+ 55. Kd2 Rb5 56. Be3 Rf5 57. Bd4 c5 58. Bxf6+
Ke8 59. Re7+ Kf8 60. Re5 Rxf2+ 61. Kc3 Rf3+ 62. Kc4 Rxf6 63. Rxg5 Bf1+ 64. Kxc5
Ke7 65. Re5+ Kd7 66. Rd5+ Kc7 67. Rg5 Rc6+ 68. Kd5 Bc4+ 69. Kd4 Kd6 70. Ra5 Be6
71. Ra4 Bd5 72. Rb4 Ra6 73. Rb8 Ra4+ 74. Ke3 Ke5 75. Re8+ Be6 76. Rd8 Re4+ 77.
Kd3 Rh4 78. Kc3 Rh1 79. Re8 Rh3+ 80. Kd2 Kd5 81. Rd8+ Kc4 82. Ke2 Bd5 83. Kf2
Kd4 84. Ke2 Rh2+ 85. Kf1 Ke4 86. Kg1 Rd2 87. Re8+ Kf3 88. Rf8+ Ke3 89. Rf2 Rd4
90. Rf8 Rh4 0-1

[Event "Hastings Masters 2022/23"]
[Site "Hastings"]
[Date "2023.01.03"]
[Round "7.9"]
[White "Golding, Alex"]
[Black "Schimnatkowski, Lukas"]
[Result "0-1"]
[WhiteElo "2318"]
[BlackElo "2194"]
[PlyCount "86"]
[EventDate "2022.12.28"]
[EventType "swiss"]
[EventRounds "10"]
[EventCountry "ENG"]

1. Nf3 Nf6 2. c4 g6 3. b3 Bg7 4. Bb2 d6 5. d4 O-O 6. Nbd2 e5 7. dxe5 Ng4 8. e3
Nc6 9. Be2 Ncxe5 10. Nxe5 Nxe5 11. O-O Nf3+ 12. Nxf3 Bxb2 13. Rb1 Bg7 14. b4 a5
15. b5 b6 16. Nd4 Bxd4 17. exd4 Bb7 18. Bf3 Bxf3 19. Qxf3 Qh4 20. Qd5 Rae8 21.
Rfe1 Qf4 22. g3 Qd2 23. Re4 Qxa2 24. Rbe1 Rxe4 25. Rxe4 a4 26. Re1 a3 27. Qc6
Qb2 28. Qxc7 a2 29. Qa7 Qb1 30. Rf1 Re8 31. Kg2 h5 32. Qxb6 Qxf1+ 33. Kxf1
a1=Q+ 34. Kg2 Qa8+ 35. d5 Qb8 36. Qa6 Qc8 37. Qxd6 Qxc4 38. b6 Qe4+ 39. Kh3 h4
40. b7 Qf5+ 41. g4 Qf3+ 42. Kxh4 Qxf2+ 43. Kg5 Kg7 0-1

[Event "Hastings Masters 2022/23"]
[Site "Hastings"]
[Date "2023.01.03"]
[Round "7.10"]
[White "Okhai, Shabir"]
[Black "Bazakutsa, Svyatoslav"]
[Result "0-1"]
[WhiteElo "2149"]
[BlackElo "2318"]
[PlyCount "48"]
[EventDate "2022.12.28"]
[EventType "swiss"]
[EventRounds "10"]
[EventCountry "ENG"]

1. e4 c5 2. Nf3 Nc6 3. Bb5 e6 4. O-O Nd4 5. Nxd4 cxd4 6. c3 a6 7. Be2 Bc5 8. b4
Ba7 9. Bb2 Ne7 10. cxd4 d5 11. e5 Nc6 12. b5 Bxd4 13. Bxd4 Nxd4 14. bxa6 Nxe2+
15. Qxe2 Rxa6 16. Nc3 Bd7 17. Rfb1 Bc6 18. Rb4 O-O 19. Qh5 d4 20. Ne2 Qd5 21.
Nf4 Qe4 22. Qg5 h6 23. Qg3 Rxa2 24. Rab1 Rxd2 0-1

[Event "Hastings Masters 2022/23"]
[Site "Hastings"]
[Date "2023.01.03"]
[Round "7.11"]
[White "Hryshchenko, Kamila"]
[Black "Kueppers, Timo"]
[Result "0-1"]
[WhiteElo "2139"]
[BlackElo "2249"]
[PlyCount "70"]
[EventDate "2022.12.28"]
[EventType "swiss"]
[EventRounds "10"]
[EventCountry "ENG"]

1. e4 c5 2. Nf3 Nc6 3. g3 g6 4. Bg2 Bg7 5. c3 e5 6. O-O Nge7 7. Na3 O-O 8. h3
h6 9. Nc2 d5 10. d3 Be6 11. exd5 Nxd5 12. d4 exd4 13. cxd4 c4 14. Ne5 Nxe5 15.
dxe5 Qd7 16. f4 Rad8 17. Qf3 Bxh3 18. Bxh3 Qxh3 19. Rd1 Ne7 20. Be3 Nf5 21. Bf2
h5 22. Bxa7 h4 23. Bb6 Rd3 24. Rxd3 cxd3 25. Qxd3 hxg3 26. Qe4 Qh2+ 27. Kf1 Rc8
28. Ne1 g2+ 29. Qxg2 Qxf4+ 30. Kg1 Bxe5 31. Bf2 Bd4 32. a4 Re8 33. Nf3 Bxf2+
34. Qxf2 Re3 35. Rf1 Nd4 0-1

[Event "Hastings Masters 2022/23"]
[Site "Hastings"]
[Date "2023.01.03"]
[Round "7.12"]
[White "Ledger, Andrew J"]
[Black "Payne, Matthew J"]
[Result "1-0"]
[WhiteElo "2314"]
[BlackElo "2116"]
[PlyCount "63"]
[EventDate "2022.12.28"]
[EventType "swiss"]
[EventRounds "10"]
[EventCountry "ENG"]

1. Nf3 Nf6 2. c4 g6 3. Nc3 Bg7 4. d4 O-O 5. e4 d6 6. Be2 e5 7. Be3 Ng4 8. Bg5
f6 9. Bh4 Nc6 10. d5 Ne7 11. Nd2 f5 12. Bxg4 fxg4 13. Bg5 h6 14. Be3 c5 15. Rb1
g5 16. b4 b6 17. bxc5 bxc5 18. O-O Ng6 19. Rb3 Nf4 20. Qc2 Bd7 21. Rfb1 Qa5 22.
Nf1 Ba4 23. Nxa4 Qxa4 24. Ng3 Rab8 25. Nf5 Rb6 26. g3 Nh5 27. R1b2 Nf6 28. Nxg7
Rxb3 29. axb3 Qa5 30. Nf5 Qe1+ 31. Kg2 Nh5 32. Qd2 1-0

[Event "Hastings Masters 2022/23"]
[Site "Hastings"]
[Date "2023.01.03"]
[Round "7.13"]
[White "Han, Yichen"]
[Black "Byron, Alan M"]
[Result "1/2-1/2"]
[WhiteElo "2423"]
[BlackElo "2175"]
[PlyCount "109"]
[EventDate "2022.12.28"]
[EventType "swiss"]
[EventRounds "10"]
[EventCountry "ENG"]

1. d4 Nf6 2. c4 g6 3. Nc3 Bg7 4. e4 d6 5. Nf3 O-O 6. Be2 Na6 7. O-O e5 8. Be3
Ng4 9. Bg5 f6 10. Bc1 c6 11. Rb1 Qe7 12. h3 Nh6 13. b4 Bd7 14. b5 exd4 15. bxa6
dxc3 16. c5 b5 17. Qxd6 Qxd6 18. cxd6 Rfe8 19. Bd3 Nf7 20. Bf4 Bf8 21. Bc2 Rad8
22. Rfd1 Kg7 23. a4 Bc8 24. Nd4 Bxd6 25. Bxd6 Rxd6 26. axb5 cxb5 27. Nxb5 Rd2
28. Rdc1 Re7 29. Ra1 Nd6 30. Nxc3 Rc7 31. Bd1 Rd3 32. Nd5 Rxc1 33. Rxc1 Bxa6
34. Bf3 Bc4 35. Nb4 Rb3 36. Nc6 Bd3 37. Rd1 Rb1 38. e5 Rxd1+ 39. Bxd1 fxe5 40.
Nxa7 Be4 41. Ba4 Kf6 42. Bc6 Bd3 43. Bd5 Bb5 44. Kh2 Bd7 45. Bc6 Be6 46. Kg3 h6
47. Kf3 Kf5 48. Ke3 Nc4+ 49. Ke2 Nd6 50. Kd2 h5 51. Kc3 g5 52. Kb4 e4 53. Kc3
Ke5 54. Kd2 h4 55. Ke3 1/2-1/2

[Event "Hastings Masters 2022/23"]
[Site "Hastings"]
[Date "2023.01.03"]
[Round "7.14"]
[White "Lalic, Bogdan"]
[Black "Finn, Peter"]
[Result "1/2-1/2"]
[WhiteElo "2392"]
[BlackElo "2123"]
[PlyCount "57"]
[EventDate "2022.12.28"]
[EventType "swiss"]
[EventRounds "10"]
[EventCountry "ENG"]

1. d4 d5 2. c4 c6 3. Nf3 Nf6 4. Nc3 e6 5. Bg5 Nbd7 6. e3 Qa5 7. Nd2 Bb4 8. Qc2
dxc4 9. Bxf6 Nxf6 10. Nxc4 Qc7 11. g3 c5 12. Bg2 Bd7 13. Ne5 cxd4 14. exd4 O-O
15. O-O Rac8 16. Rac1 Bb5 17. Rfd1 Bxc3 18. Qxc3 Qxc3 19. Rxc3 Rxc3 20. bxc3
Rc8 21. Rb1 Be8 22. c4 b6 23. f4 Kf8 24. Rc1 Bb5 25. c5 bxc5 26. Rxc5 Rxc5 27.
dxc5 Ke7 28. Kf2 Nd7 29. Nxd7 1/2-1/2

[Event "Hastings Masters 2022/23"]
[Site "Hastings"]
[Date "2023.01.03"]
[Round "7.15"]
[White "Bezuidenhout, Roland"]
[Black "Britton, Richard L"]
[Result "0-1"]
[WhiteElo "2265"]
[BlackElo "2091"]
[PlyCount "84"]
[EventDate "2022.12.28"]
[EventType "swiss"]
[EventRounds "10"]
[EventCountry "ENG"]

1. e4 c5 2. Nf3 d6 3. Bb5+ Bd7 4. Bxd7+ Qxd7 5. c4 Nf6 6. Nc3 Nc6 7. d4 cxd4 8.
Nxd4 g6 9. b3 Bg7 10. Bb2 O-O 11. O-O a6 12. Nxc6 bxc6 13. Qe2 Qc7 14. Rad1 Nd7
15. f4 a5 16. Kh1 Nc5 17. f5 Qb8 18. Rb1 Qc7 19. Rf3 a4 20. b4 a3 21. Bc1 Nd7
22. Rh3 e6 23. Qf2 h5 24. Bf4 Ne5 25. Bxe5 Bxe5 26. f6 Qd8 27. Rf1 Rb8 28. b5
cxb5 29. Nxb5 d5 30. exd5 exd5 31. Rd3 d4 32. Rxa3 Rb6 33. Rf3 Re8 34. g3 Ree6
35. Qc2 Rxf6 36. Qe4 Rxf3 37. Rxf3 Bg7 38. a4 Re6 39. Qd5 Qa5 40. Kg2 Qe1 41.
c5 Re2+ 42. Kh3 Qd2 0-1

[Event "Hastings Masters 2022/23"]
[Site "Hastings"]
[Date "2023.01.03"]
[Round "7.16"]
[White "Zimmermann, Klemens"]
[Black "Dewangan, Aayush"]
[Result "1-0"]
[WhiteElo "2247"]
[BlackElo "1472"]
[PlyCount "71"]
[EventDate "2022.12.28"]
[EventType "swiss"]
[EventRounds "10"]
[EventCountry "ENG"]

1. d4 Nf6 2. c4 g6 3. Nc3 d5 4. Nf3 Bg7 5. Bf4 c6 6. e3 O-O 7. Rc1 Bg4 8. h3
Bxf3 9. Qxf3 Qa5 10. Bd3 Nbd7 11. O-O dxc4 12. Bxc4 e5 13. Bh2 exd4 14. exd4
Nb6 15. Bb3 Rad8 16. Rfd1 Rd7 17. Be5 Ne8 18. Bxg7 Nxg7 19. Ne4 Kh8 20. Rc5 Qb4
21. a3 Qxd4 22. Rxd4 Rxd4 23. Qe3 Rfd8 24. Ng5 h6 25. Nxf7+ Kg8 26. Nxd8+ Rd5
27. Bxd5+ Nxd5 28. Rxd5 cxd5 29. Qe7 g5 30. Qf7+ Kh8 31. Qxd5 b6 32. Nf7+ Kh7
33. Qd3+ Kg8 34. Nxh6+ Kf8 35. Qd7 Ne6 36. Qf7# 1-0

[Event "Hastings Masters 2022/23"]
[Site "Hastings"]
[Date "2023.01.03"]
[Round "7.17"]
[White "Villiers, Thomas"]
[Black "Muir, Andrew J"]
[Result "1/2-1/2"]
[WhiteElo "2141"]
[BlackElo "2244"]
[PlyCount "39"]
[EventDate "2022.12.28"]
[EventType "swiss"]
[EventRounds "10"]
[EventCountry "ENG"]

1. c4 e6 2. Nf3 d5 3. g3 Nf6 4. Bg2 dxc4 5. Qc2 Nbd7 6. Qxc4 c5 7. O-O b6 8.
Nd4 Ne5 9. Nc6 Nxc4 10. Nxd8 Nd5 11. Nc6 Bb7 12. d3 Nd6 13. Ne5 Be7 14. Nc3 O-O
15. Bd2 Rfd8 16. Rfd1 Rac8 17. Nc4 Bc6 18. Rac1 h6 19. Be1 Ba8 20. b3 1/2-1/2

[Event "Hastings Masters 2022/23"]
[Site "Hastings"]
[Date "2023.01.03"]
[Round "7.18"]
[White "Thompson, Ian D"]
[Black "Anand, Batsukh"]
[Result "1/2-1/2"]
[WhiteElo "2082"]
[BlackElo "2203"]
[PlyCount "77"]
[EventDate "2022.12.28"]
[EventType "swiss"]
[EventRounds "10"]
[EventCountry "ENG"]

1. c4 d6 2. Nc3 Nf6 3. g3 g6 4. Bg2 Bg7 5. e4 O-O 6. Nge2 c5 7. O-O Nc6 8. d3
Bd7 9. h3 Ne8 10. Be3 Nc7 11. d4 cxd4 12. Nxd4 Ne6 13. Nde2 a6 14. Rb1 Rb8 15.
f4 b5 16. cxb5 axb5 17. b4 Nc7 18. a4 bxa4 19. b5 Na5 20. Qxa4 Ne6 21. Nd5 Nc5
22. Nxe7+ Qxe7 23. Bxc5 dxc5 24. Qxa5 Ra8 25. Qd2 Rfd8 26. Qc2 Be6 27. e5 Ra2
28. Rb2 Rxb2 29. Qxb2 Rd3 30. Rf3 c4 31. Rxd3 cxd3 32. Nd4 Qc5 33. b6 d2 34.
Qxd2 Qxb6 35. Kh2 Bf8 36. Nxe6 Qxe6 37. Bd5 Qa6 38. Qa2 Qxa2+ 39. Bxa2 1/2-1/2

[Event "Hastings Masters 2022/23"]
[Site "Hastings"]
[Date "2023.01.03"]
[Round "7.19"]
[White "Golding, James"]
[Black "Latzke, Boris"]
[Result "1-0"]
[WhiteElo "2089"]
[BlackElo "2194"]
[PlyCount "121"]
[EventDate "2022.12.28"]
[EventType "swiss"]
[EventRounds "10"]
[EventCountry "ENG"]

1. d4 Nf6 2. c4 e6 3. Nf3 b6 4. a3 Bb7 5. Nc3 d5 6. Bg5 Nbd7 7. cxd5 exd5 8. e3
Be7 9. Rc1 O-O 10. Bd3 c5 11. O-O Ne4 12. Bf4 Ndf6 13. Ne5 Rc8 14. Ne2 Nh5 15.
f3 Nxf4 16. Nxf4 Nf6 17. Qe1 Bd6 18. Qh4 h6 19. Nh5 Nxh5 20. Qxh5 Qg5 21. Qxg5
hxg5 22. g3 Rc7 23. f4 Re8 24. Kf2 Bc8 25. h4 gxf4 26. gxf4 Be7 27. Rh1 Bf6 28.
h5 Bxe5 29. dxe5 Re6 30. Bf5 Rh6 31. Bxc8 Rxc8 32. Rcd1 Rd8 33. Kf3 Kf8 34. Kg4
Ke7 35. f5 Rc6 36. Rh2 d4 37. Rhd2 Rcc8 38. exd4 cxd4 39. Rxd4 Rxd4+ 40. Rxd4
Rc2 41. b4 Re2 42. Kf4 Rh2 43. Kg5 Re2 44. f6+ gxf6+ 45. exf6+ Ke6 46. Rf4 a5
47. Rc4 axb4 48. axb4 Re5+ 49. Kh6 Kxf6 50. Rc6+ Kf5 51. Kg7 Kg5 52. h6 f5 53.
Rc7 Re6 54. h7 Rg6+ 55. Kf8 Rh6 56. Kg8 f4 57. h8=Q Rxh8+ 58. Kxh8 f3 59. Rf7
Kg4 60. Kg7 b5 61. Kf8 1-0